00538nam a22001817a 450000500170000001000130001702000260003003500130005603700290006908200100009810000220010824500700013026000330020027000560023330000310028950000190032070000170033920191004110148.0 aB-730480 a9788126562183c599.00 aB-730480 bIndex Internationaladpl a005.1 aVries, Andrie de  aR Programming for dummies /cby Andrie de Vries {and] Joris Meys c2015aNew DelhibJohn Wiley  a4435-36/7, Ansari Road,DaryaganjbNew Delhie110002 axii,,418pc25cm(pbk)bill. aincludes index aMeys, Joris